ბათუმის შოთა რუსთაველის სახელმწიფო უნივერსიტეტის ბიბლიოთეკა

საქართველო–ტურიზმის და კურორტების ქვეყანა (ბიბ.ჩანაწერი № 43860)

000 -LEADER
fixed length control field 00971nam a2200229Ia 4500
001 - CONTROL NUMBER
control field 10608
003 - CONTROL NUMBER IDENTIFIER
control field GE_BSU
008 - FIXED-LENGTH DATA ELEMENTS--GENERAL INFORMATION
fixed length control field 181216s||||||||xx |||||||||||||| ||und||
020 ## - INTERNATIONAL STANDARD BOOK NUMBER
International Standard Book Number 9789941161148
040 ## - CATALOGING SOURCE
Transcribing agency GE_BSU
100 ## - MAIN ENTRY--PERSONAL NAME
Personal name სააკაშვილი,ნიკოლოზ; ჩილინგარიშვილი,თამარ.
245 ## - TITLE STATEMENT
Title საქართველო–ტურიზმის და კურორტების ქვეყანა
245 ## - TITLE STATEMENT
Remainder of title სახელმძღვ.სტუდ.
260 ## - PUBLICATION, DISTRIBUTION, ETC.
Place of publication, distribution, etc. თბილისი
260 ## - PUBLICATION, DISTRIBUTION, ETC.
Name of publisher, distributor, etc. საქართველოს მაცნე
260 ## - PUBLICATION, DISTRIBUTION, ETC.
Date of publication, distribution, etc. 2011
300 ## - PHYSICAL DESCRIPTION
Extent 136გვ;21სმ.
300 ## - PHYSICAL DESCRIPTION
Other physical details ბიბლიოგრ.გვ:134–136. ილ.
653 ## - INDEX TERM--UNCONTROLLED
Uncontrolled term საქართველო–ტურიზმის და კურორტების ქვეყანა. სახელმძღვ.სტუდ.
942 ## - ADDED ENTRY ELEMENTS (KOHA)
Koha item type წიგნი
ეგზემპლარები
Withdrawn status Lost status Damaged status Not for loan Date acquired Barcode Date last seen Price effective from Koha item type
        2018-12-17 34882 2018-12-17 2018-12-17 წიგნი
        2018-12-17 34883 2018-12-17 2018-12-17 წიგნი
        2018-12-17 34884 2018-12-17 2018-12-17 წიგნი
        2018-12-17 34885 2018-12-17 2018-12-17 წიგნი